000 00558cas a2200169 4500
008 151111n eng u
020 _a978155814540.
035 _a(Sirsi) a193957
050 _aRC 255 GAR 2009.
100 _aGarcia, Lynne Shore.
245 _aPractical guide to diagnostic parasitology/
_c Lydia Shore Garcia.
260 _aWashington:
_b ASM Press,
_c 2009.
300 _axxii, 464p.:
_bill.
500 _aIncludes bibliographical references and index.
650 _aParasitic diseases --diagnosis.
650 _aDiagnostic parasitology.
999 _c50189
_d50189